| 000 | 00621 am a22002055i 4500 | ||
|---|---|---|---|
| 999 |
_c7727 _d7727 |
||
| 001 | 991060962850706706 | ||
| 003 | OSt | ||
| 005 | 20230515125546.0 | ||
| 008 | 230426----- ---|||||-|||||-|| -----|c | ||
| 020 | _a9788418604317 | ||
| 040 |
_aES-BaUB _bcat _erda _cCDMR |
||
| 100 | 1 |
_92586 _aMonzó, Quim |
|
| 245 |
_aSi la memòria no ens falla / _cQuim Monzó i Sergi Pàmies ; una conversa conduïda i editada per Julià Guillamon |
||
| 264 | 1 |
_aBarcelona: _bLibros Vanguardia, _c2023 |
|
| 300 | _a199 pàgines | ||
| 700 |
_94840 _aPàmies, Sergi |
||
| 700 |
_94841 _aGuillamon, Julià |
||
| 940 | _aUB | ||
| 942 |
_2udc _cMON |
||